Alimentos e identidades. Trabajadores de las bananeras costarricenses 1934 /

में बचाया:
ग्रंथसूची विवरण
मुख्य लेखक: Vega Jiménez, Patricia
स्वरूप: मूलपाठ
विषय:
टैग: टैग जोड़ें
कोई टैग नहीं, इस रिकॉर्ड को टैग करने वाले पहले व्यक्ति बनें!

MARC

LEADER 00000 a a2200000 04500
001 15314
003
040
100 |a Vega Jiménez, Patricia  
245 |a Alimentos e identidades. Trabajadores de las bananeras costarricenses 1934 /  |c Patricia Vega Jiménez 
650 |a CONSUMO DE ALIMENTOS  
650 |a GRUPOS ETNICOS  
650 |a IDENTIDAD CULTURAL  
773 |g número 98 (IV); páginas 99-110  
999 |c 27153  |d 27153 
773 0 |0 18728  |9 3039  |a Universidad de Costa Rica  |d San José, Costa Rica Editorial UCR 1956-  |o 17121  |t Revista de Ciencias Sociales/  |x 04825276